000 00750cab a2200205 4500
001 WB2904-14
008 090401t1993 xxu||||| |||| 00| 0 eng d
035 _a(Sirsi) u38293
041 _aeng
245 _aScots law delays approvals
260 _c1993
350 _a0
490 _aBuilding
_v258(7779) 29 January 1993, 9(1)
520 _aScotland`s structural engineers and building control officers are up in arms over new legislation that has dramatically increased the time taken by local authorities to grant building approval.
650 _aBUILDING (SELF CERTIFICIATION OF STRUCTURAL DESIGN) REGULATIONS 1992
650 _aBUILDING APPROVALS
690 _aBUILDING AND CONSTRUCTION-REGULATIONS
942 _n0
948 _c04/03/1997
999 _c24606
_d24606